Регионална библиотека "Любен Каравелов" - Русе

Аз (Запис номер 177346)

MARC детайли
000 -Лидер
Контролно поле с фиксирана дължина 01570nam a2200409 c 4500
003 - Код на организацията, давaща контролен номер
Контролно поле BLK
005 - Дата и час на последна редакция
Контролно поле 20250623111620.0
008 - Елементи от данни с фиксирана дължина
fixed length control field 180411b bul|||||r ||||||| ||bul||
010 ## - Наследен системен номер
LC control number KNG00186011000
020 ## - Международен стандартен номер на книга ISBN
Международен стандартен номер на книга ISBN 9789547338500
040 ## - Източник на каталожния запис
Идентификатор на билиотеката - собственик на записа BLK
041 ## - Код за език
Код за езика на текст/звукозапис или на отделно заглавие Български
Код за езика КДБФ Български
072 #7 - Код за тематичната категория
Код организация bullib
Код за тематична категория Н86
Текст Детска отраслова литература Н
080 ## - УДК
Текстов определител УДК Издания за деца и юноши. Книжки-картинки. Читанки. Вж и 372.4
УДК код - определител по УДК 087.5
УДК - код + определител 087.5
100 1# - Редна дума - Автор
Автор Вехтер, Филип
Авторска отговорност първи автор
R(LIN) 47838
139 ## - Редно поле
Редна дума Вехтер, Филип
Авторски знак Вет - В 53
245 10 - Сведения за заглавието
Заглавие Аз
Редно поле (дума) Филип Вехтер; прев. от нем. Петя Петкова.
257 ## - Страна на издаване
Страна на създаване/издаване Германия
260 ## - Област на издателските данни
Име на издателя, разпространителя и проч. Прозорец
Година на издаване 2015
Печатница София : Алианс Принт
Място на издаване, разпространение и проч. София
300 ## - Физическа характеристика
Страници 63 с.
Илюстрации и др. с цв. ил
Размери/Мащаб 16Х16 см
380 ## - Жанр
Жанр Детска худож. лит.
500 ## - Общи забележки
Забележка 1. изд. 2009 на изд. Младинска кн. - Ориг. загл. Ich / Philip Waechter.
650 #4 - Допълнително описание по предмет – тема
Основно описание – тема или топоним Книжки-картинки
9 (RLIN) 267880
653 ## - Ключова дума – ненормативна
Ключова дума книжки-картинки
653 ## - Ключова дума – ненормативна
Ключова дума литература за деца
653 ## - Ключова дума – ненормативна
Ключова дума детска литература
659 ## - Тематичен бюлетин
Тематичен бюлетин Н
700 ## - Други автори (авторска отговорност)
Лично име Петкова, Петя
Автороска отговорност (Описва отношението между автора и произведението) прев. от нем.
9 (RLIN) 1091
852 ## - Местоположение
Форматна сигнатура Цб І 36721
856 4# - Електронен адрес и достъп
Електронен формат pdf - файл
856 4# - Електронен адрес и достъп
Електронен формат pdf - файл
999 ## - СИСТЕМНИ КОНТРОЛНИ НОМЕРА
Koha biblionumber 177346
Koha biblioitemnumber 177346
942 ## - АРТИКУЛИ
Вид на библиотечния материал Книги
Скрит в OPAC Не
Периодичен библиозапис Да
Koha issues (borrowed), all copies 42
944 ## - СЪЗДАВАНЕ И РЕДАКЦИЯ на ЗАПИСА
Създаване/Редакция Създаване
Дата на регистрацията/редакция 01.02.2016
Статус, дата на статуса Бояна Костадинова
Служител, извършил регистрацията/редакцията 30551
944 ## - СЪЗДАВАНЕ И РЕДАКЦИЯ на ЗАПИСА
Създаване/Редакция Редакция
Дата на регистрацията/редакция 05.07.2016
Статус, дата на статуса ф /
Служител, извършил регистрацията/редакцията Людмила_Стоянова
999 ## - СИСТЕМНИ КОНТРОЛНИ НОМЕРА
Koha biblioitemnumber 177346
999 ## - СИСТЕМНИ КОНТРОЛНИ НОМЕРА
Koha biblioitemnumber 177346
Наличности
Код за отписване Код за изгубен артикул Код за повреда Коз за рестрикции Код за отдаване Артикулен № Име на библиотеката - собственик Име на библиотеката, в която се намира в момента Статус (Текущо местоположение) Дата на вписване в системата Местоположение - отдел Цена в лева Инвентарен номер Систематично азбучна сигнатура Баркод Номер на екземпляра Цена в евро Служебна бележка Служебен тип на артикула Източник на класификационната схема
  Не е изгубен Не е повреден без рестрикции ползва се в читалня 304891 Регионална библиотека "Любен Каравелов" Русе Регионална библиотека "Любен Каравелов" Русе Хранилище 2016-02-02 Хранилище 10.00 120000797333 Цб І 36721 120000797333 1 5.11 Дост: Dp Вид: Д N: 51 Дата: 02.12.2015 Книги  
  Не е изгубен Не е повреден без рестрикции заемане за дома 799827 Регионална библиотека "Любен Каравелов" Русе Регионална библиотека "Любен Каравелов" Русе Детски отдел 2020-09-18 Детски отдел 7.00   0/В 53 Ф 120000847231   3.58   Книги Universal Decimal Classification
  Не е изгубен Не е повреден без рестрикции заемане за дома 799828 Регионална библиотека "Любен Каравелов" Русе Регионална библиотека "Любен Каравелов" Русе Детски отдел 2020-09-18 Детски отдел 7.00   0/В 53 Ф 120000847228   3.58   Книги Universal Decimal Classification
  Не е изгубен Не е повреден без рестрикции заемане за дома 799829 Регионална библиотека "Любен Каравелов" Русе Регионална библиотека "Любен Каравелов" Русе Детски отдел 2020-09-18 Детски отдел 7.00   0/В 53 Ф 120000847230   3.58   Книги Universal Decimal Classification
  Не е изгубен Не е повреден без рестрикции заемане за дома 799830 Регионална библиотека "Любен Каравелов" Русе Регионална библиотека "Любен Каравелов" Русе Детски отдел 2020-09-18 Детски отдел 7.00   0/В 53 Ф 120000847232   3.58   Книги Universal Decimal Classification
  Не е изгубен Не е повреден без рестрикции заемане за дома 799831 Регионална библиотека "Любен Каравелов" Русе Регионална библиотека "Любен Каравелов" Русе Детски отдел 2020-09-18 Детски отдел 7.00   0/В 53 Ф 120000847229   3.58   Книги Universal Decimal Classification
Vip Innovations Ltd, Rousse, Bulgaria 2025